000 01139nabaa22002297a 4500
999 _c6189
_d6189
003 OSt
005 20260125011927.0
008 190701b xxu||||| |||| 00| 0 spa d
040 _cPJ
100 _94672
_aVega, Susana Elena
245 1 3 _aRenegociaciones contractuales y acuerdos transaccionales en el marco de las emergencias :
_btratamiento en la Ley Bases y su reglamentación /
_cSusana E. Vega.
300 _ap. 13-34
500 _aCita: TR LALEY AR/DOC/2192/2024
505 _aSumario: I. Introducción.— II. Las renegociaciones contractuales en las leyes de emergencia.— III. El tratamiento de las renegociaciones contractuales en la Ley Bases.— IV. Las medidas de transparencia.— V. El gran desafío.
505 _t¿Te interesa el texto completo? Comunicate al correo: koha@justierradelfuego.gov.ar
650 0 _9211
_aDERECHO ADMINISTRATIVO
650 0 _9877
_aADMINISTRACION PUBLICA
650 0 _aCONTRATOS
_93463
650 0 _aREFORMA DEL ESTADO
_93177
773 0 _02842
_93251
_dBuenos Aires : AbeledoPerrot, 2012-
_oDA121
_tDerecho administrativo. Nº 155 septiembre/octubre 2024
_z18510590
942 _2udc
_cANA